| 000 | 01615cam a2200349 a 4500 | ||
|---|---|---|---|
| 999 |
_c329343 _d329343 |
||
| 001 | 12686480 | ||
| 003 | Nust | ||
| 005 | 20170503125836.0 | ||
| 008 | 020222s2001 enkab e 001 0 eng | ||
| 010 | _a 2002265840 | ||
| 015 | _aGBA0-X0039 | ||
| 020 | _a0340809760 | ||
| 035 | _a(DLC) 2002265840 | ||
| 035 | _a(DLC)2440 | ||
| 035 | _a(OCoLC)ocm44652717 | ||
| 040 |
_aUKM _cUKM _dPSM _dDLC |
||
| 042 | _alccopycat | ||
| 050 | 0 | 0 |
_aGE10 _b.E534 2001 |
| 082 | 0 | 0 |
_a500 JOH _221 |
| 245 | 0 | 4 |
_aThe encyclopaedic dictionary of environmental change / _cEdited by John A. Matthews ; [subject editing by] E. Michael Bridges ... [et al.]. |
| 260 |
_aLondon : _bArnold ; _aNew York : _bOxford University Press, _c2003. |
||
| 300 |
_axiii, 690 p. : _bill., maps. ; _c28 cm. |
||
| 500 | _aP.B | ||
| 504 | _aIncludes bibliographical references and index. | ||
| 650 | 0 |
_aEnvironmental sciences _vEncyclopedias. |
|
| 650 | 0 |
_aGlobal environmental change _vEncyclopedias. |
|
| 700 | 1 |
_aMatthews, John A. _q(John Anthony), _d1947- |
|
| 700 | 1 |
_aBridges, E. M. _q(Edwin Michael) |
|
| 856 | 4 | 2 |
_3Publisher description _uhttp://www.loc.gov/catdir/enhancements/fy0639/2002265840-d.html |
| 906 |
_a7 _bcbc _ccopycat _d2 _encip _f20 _gy-gencatlg |
||
| 942 |
_2ddc _cBK _k500 JOH |
||